000
00269nam a22001097a 4500
008
180130b xxu||||| |||| 00| 0 eng d
080
_a
3
100
_a
24
101
_a
jur
245
_a
the new testament and wycliffe bible commnetary
_c
moody.m.y
942
_2
udc
_c
BK
999
_c
41303
_d
41303